1970-1974 Pop Songs by Artist and Lyric - Statistics

General Stats
  • This quiz has been taken 652 times
    547 since last reset
  • The average score is 9 of 18
Answer Stats
Lyric Artist Song Title % Correct
It's nine o'clock on a Saturday / The regular crowd shuffles in Billy Joel Piano Man
86%
In the jungle / The mighty jungle Robert John The Lion Sleeps Tonight
86%
She packed my bags last night pre-flight / Zero hour nine a.m. Elton John Rocket Man (I Think It's Going to Be a Long, Long Time)
75%
In the desert you can remember your name / 'Cause there ain't no one for to give you no pain America A Horse With No Name
73%
She walked up to me and she asked me to dance / I asked her her name and in a dark brown voice she said The Kinks Lola
70%
You just call on me, brother, when you need a hand Bill Withers Lean on Me
67%
If her daddy's rich, take her out for a meal / If her daddy's poor, just do what you feel Mungo Jerry In the Summertime
62%
Winter, spring, summer, or fall / All you have to do is call Carole King You've Got a Friend
54%
Are you gatherin' up the tears? / Have you had enough of mine? Steely Dan Reelin' in the Years
41%
Can't you see? / You're everything I hoped for / You're everything I need Joe Cocker You Are So Beautiful
37%
Now that I've lost everything to you / You say you want to start something new Cat Stevens Wild World
36%
People dancing, people laughing / A man selling ice cream, singing Italian songs Chicago Saturday in the Park
34%
I was once like you are now / And I know that it's not easy / To be calm when you've found / Something going on Cat Stevens Father and Son
32%
(instrumental) Hot Butter Popcorn
30%
Hey Gary Glitter Rock and Roll, Part 2
28%
All the things / That we've been through / You should understand me / Like I understand you Harold Melvin & The Blue Notes If You Don't Know Me by Now
23%
If you want to view paradise / Simply look around and view it / Anything you want to, do it Gene Wilder Pure Imagination
21%
And even though we ain't got money / I'm so in love with you honey Anne Murray Danny's Song
20%
No matching quizzes found
Score Distribution
Percent of People with Each Score
Percentile by Number Answered
Your Score History
You have not taken this quiz since the last reset